[Event "SVK-ch U18/20"]
[Site "Tatralandia"]
[Date "2024.04.08"]
[Round "5"]
[White "Stevik, Patrik1"]
[Black "Zetocha, Adrian"]
[Result "1/2-1/2"]
[WhiteElo "2213"]
[BlackElo "2134"]
[PlyCount "119"]
[EventDate "2024.04.05"]
[EventType "swiss"]
[EventRounds "9"]
[EventCountry "SVK"]
[SourceTitle "CB16_2024"]
[SourceDate "2024.04.17"]
[SourceVersion "1"]
[SourceVersionDate "2024.04.17"]
[SourceQuality "1"]

1. Nf3 Nf6 2. d4 e6 3. c4 b6 4. g3 Ba6 5. Qc2 c5 6. Bg2 Nc6 7. dxc5 bxc5 8. Qa4 Qa5+ 9. Qxa5 Nxa5 10. b3 Bd6 11. 0-0 Ke7 12. Nc3 Bb7 13. Ba3 Ne4 14. Nxe4 Bxe4 15. Rad1 Nb7 16. Nd2 Bxg2 17. Kxg2 Kd8 18. Ne4 Be7 19. Rd3 Kc7 20. Nc3 Kc6 21. Rfd1 Rhd8 22. e4 d6 23. Na4 Bf6 24. Bb2 Bxb2 25. Nxb2 Kc7 26. Na4 Rd7 27. f4 Rad8 28. g4 h6 29. f5 Kc6 30. Kg3 f6 31. Nc3 a6 32. h4 Na5 33. fxe6 Re7 34. Nd5 Rxe6 35. Kf3 Nb7 36. Ne3 Rd7 37. Nf5 Kc7 38. Rd5 a5 39. a3 Nd8 40. b4 axb4 41. axb4 g6 42. Nxh6 cxb4 43. c5 Nb7 44. cxd6+ Rdxd6 45. Nf7 Rxd5 46. exd5 Rb6 47. h5 gxh5 48. gxh5 Nd6 49. Rc1+ Kd7 50. Nxd6 Kxd6 51. Rc6+ Rxc6 52. dxc6 b3 53. h6 b2 54. h7 b1Q 55. h8Q Qf5+ 56. Ke3 Qe5+ 57. Kf3 Kxc6 58. Qc8+ Qc7 59. Qxc7+ Kxc7 60. Ke4 1/2-1/2

[Event "SVK-ch U18/20"]
[Site "Tatralandia"]
[Date "2024.04.05"]
[Round "1"]
[White "Zetocha, Adrian"]
[Black "Svorad, Tomas"]
[Result "1-0"]
[WhiteElo "2134"]
[BlackElo "1746"]
[PlyCount "79"]
[EventDate "2024.04.05"]
[EventType "swiss"]
[EventRounds "9"]
[EventCountry "SVK"]
[SourceTitle "CB16_2024"]
[SourceDate "2024.04.17"]
[SourceVersion "1"]
[SourceVersionDate "2024.04.17"]
[SourceQuality "1"]

1. d4 d5 2. c4 e6 3. Nc3 Nf6 4. cxd5 exd5 5. Bg5 c6 6. Qc2 Nbd7 7. e3 Bd6 8. Bd3 h6 9. Bh4 Qc7 10. Nf3 g5 11. Bg3 Bxg3 12. hxg3 g4 13. Nh4 Nf8 14. 0-0 Be6 15. b4 a5 16. b5 cxb5 17. Bxb5+ N8d7 18. Rac1 Rc8 19. Qb1 Qb8 20. Nf5 h5 21. Nxd5 Kf8 22. Rxc8+ Qxc8 23. Rc1 Qd8 24. Nf4 Nb6 25. Nxe6+ fxe6 26. Nh4 Rh7 27. Ng6+ Kg7 28. Nf4 Kf7 29. Qg6+ Ke7 30. Rc5 Nbd5 31. Bc4 b6 32. Rc6 Nxf4 33. gxf4 Kd7 34. Rxe6 Qc7 35. Rxf6 Re7 36. Qf5+ Kd8 37. Bb5 Qc1+ 38. Kh2 g3+ 39. fxg3 Rxe3 40. Qd7# 1-0

[Event "SVK-chT 2324"]
[Site "Slovakia"]
[Date "2023.11.05"]
[Round "2.7"]
[White "Zetocha, Adrian"]
[Black "Dobrotka, Martin"]
[Result "1/2-1/2"]
[WhiteElo "2161"]
[BlackElo "2151"]
[PlyCount "43"]
[EventDate "2023.11.04"]
[EventType "team-tourn"]
[EventRounds "11"]
[EventCountry "SVK"]
[SourceTitle "Mega2024 Update 01"]
[Source "Chessbase"]
[SourceDate "2023.11.12"]
[SourceVersion "1"]
[SourceVersionDate "2023.11.12"]
[SourceQuality "1"]
[WhiteTeam "Bratislava Slovan"]
[BlackTeam "Levice"]
[WhiteTeamCountry "SVK"]
[BlackTeamCountry "SVK"]

1. d4 Nf6 2. c4 d6 3. Nf3 Nbd7 4. Nc3 e5 5. g3 c6 6. Bg2 Qc7 7. 0-0 Be7 8. Qc2 0-0 9. Rb1 a5 10. dxe5 dxe5 11. Na4 Nc5 12. Bg5 Nxa4 13. Qxa4 Ne4 14. Be3 Bf5 15. Rbd1 Nc5 16. Qa3 b6 17. Qc3 f6 18. Nh4 Be6 19. Qc2 Rfd8 20. b3 Rac8 21. Be4 Nxe4 22. Qxe4 1/2-1/2

[Event "Bratislava exe op"]
[Site "Bratislava"]
[Date "2023.09.22"]
[Round "8"]
[White "Baidetsky, Valentin"]
[Black "Zetocha, Adrian"]
[Result "1-0"]
[WhiteElo "2485"]
[BlackElo "2160"]
[PlyCount "105"]
[EventDate "2023.09.15"]
[EventType "swiss"]
[EventRounds "9"]
[EventCountry "SVK"]
[SourceTitle "EXT 2024"]
[Source "ChessBase"]
[SourceDate "2023.10.10"]
[SourceVersion "1"]
[SourceVersionDate "2023.10.10"]
[SourceQuality "1"]

1. e4 c5 2. Nf3 d6 3. Nc3 Nf6 4. d4 cxd4 5. Nxd4 g6 6. Be3 Nc6 7. Be2 Bg7 8. Qd2 Ng4 9. Bxg4 Bxg4 10. f3 Be6 11. 0-0-0 Qa5 12. Kb1 Rc8 13. h4 Ne5 14. Nxe6 fxe6 15. Ne2 Qxd2 16. Bxd2 h5 17. b3 Kf7 18. Be3 a6 19. c4 Bf6 20. Bd4 Nc6 21. Bf2 Ne5 22. Nc1 Rc6 23. Bg3 Rcc8 24. Rd2 b6 25. Rf1 Nc6 26. f4 Bd4 27. Ne2 Bc5 28. Kb2 b5 29. cxb5 axb5 30. a3 Ke8 31. b4 Bb6 32. Bf2 Bxf2 33. Rxf2 Rf8 34. Rf3 e5 35. Rd5 Rb8 36. Rc3 Kd7 37. g3 e6 38. Rd2 exf4 39. Nxf4 Ne5 40. Rdc2 Nc4+ 41. Ka2 Rf6 42. a4 Ra8 43. Kb3 d5 44. exd5 exd5 45. Nxd5 Rd6 46. axb5 Rxd5 47. Kxc4 Rd6 48. Kb3 Rb8 49. Rc7+ Ke6 50. R7c6 Rxb5 51. Ka4 Re5 52. b5 Re1 53. Rxd6+ 1-0

[Event "Bratislava exe op"]
[Site "Bratislava"]
[Date "2023.09.19"]
[Round "5"]
[White "Zetocha, Adrian"]
[Black "Schwarz, Dusan"]
[Result "0-1"]
[WhiteElo "2160"]
[BlackElo "2315"]
[PlyCount "76"]
[EventDate "2023.09.15"]
[EventType "swiss"]
[EventRounds "9"]
[EventCountry "SVK"]
[SourceTitle "EXT 2024"]
[Source "ChessBase"]
[SourceDate "2023.10.10"]
[SourceVersion "1"]
[SourceVersionDate "2023.10.10"]
[SourceQuality "1"]

1. d4 d5 2. c4 c6 3. Nc3 Nf6 4. e3 e6 5. Nf3 Nbd7 6. Qc2 Bd6 7. Bd3 0-0 8. 0-0 dxc4 9. Bxc4 b5 10. Be2 Bb7 11. Rd1 Qc7 12. e4 e5 13. Bg5 exd4 14. Rxd4 Ne5 15. g3 Nfg4 16. Nxe5 Bxe5 17. Rd3 h6 18. Bd2 Nf6 19. f4 Bxc3 20. Rxc3 c5 21. Bf3 c4 22. b3 Rfe8 23. Re1 Rad8 24. Rce3 Qb6 25. Kf1 cxb3 26. axb3 b4 27. Bc1 Rc8 28. Qb1 Rc3 29. Rxc3 bxc3 30. Qc2 Qb4 31. Re3 Rc8 32. Kg2 a5 33. h3 a4 34. bxa4 Rc4 35. e5 Ne4 36. Rd3 Rc8 37. Qa2 Nc5 38. Ba3 Nxd3 0-1

[Event "Bratislava exe op"]
[Site "Bratislava"]
[Date "2023.09.15"]
[Round "1"]
[White "Zetocha, Adrian"]
[Black "Dolnik, Michal"]
[Result "1-0"]
[WhiteElo "2160"]
[BlackElo "1547"]
[PlyCount "47"]
[EventDate "2023.09.15"]
[EventType "swiss"]
[EventRounds "9"]
[EventCountry "SVK"]
[SourceTitle "EXT 2024"]
[Source "ChessBase"]
[SourceDate "2023.10.10"]
[SourceVersion "1"]
[SourceVersionDate "2023.10.10"]
[SourceQuality "1"]

1. d4 d5 2. c4 c6 3. Nc3 Nf6 4. e3 e6 5. Nf3 Bd6 6. Qc2 Nbd7 7. Bd3 e5 8. cxd5 cxd5 9. Nb5 Qe7 10. Nxd6+ Qxd6 11. dxe5 Nxe5 12. Nxe5 Qxe5 13. Bd2 Bd7 14. Bb4 Rc8 15. Qe2 Ne4 16. 0-0 Nd6 17. Bc3 Qg5 18. Bb4 Qh6 19. e4 dxe4 20. Bxe4 0-0 21. Bxd6 Qxd6 22. Rad1 Qe6 23. Qd3 h6 24. Rfe1 1-0

[Event "SVK-chB op"]
[Site "Bratislava"]
[Date "2023.07.03"]
[Round "3"]
[White "Demeter, Peter"]
[Black "Zetocha, Adrian"]
[Result "0-1"]
[WhiteElo "2090"]
[BlackElo "2177"]
[PlyCount "52"]
[EventDate "2023.07.01"]
[EventType "swiss"]
[EventRounds "9"]
[EventCountry "SVK"]
[SourceTitle "CBM 215 Extra"]
[Source "ChessBase"]
[SourceDate "2023.09.30"]
[SourceVersion "1"]
[SourceVersionDate "2023.09.30"]
[SourceQuality "1"]

1. c4 e6 2. g3 d5 3. Bg2 Nf6 4. Nf3 Be7 5. 0-0 0-0 6. cxd5 exd5 7. d3 c5 8. Nc3 d4 9. Nb5 Nc6 10. a4 Nd5 11. Na3 Be6 12. Nc4 f6 13. Re1 Qd7 14. e3 dxe3 15. Nxe3 Ndb4 16. Nc4 Rad8 17. Qe2 Bf5 18. Rd1 Bxd3 19. Qe1 Nc2 20. Qc3 Nxa1 21. Bf1 Nc2 22. Bxd3 N2d4 23. Nxd4 Nxd4 24. Ne3 Qxa4 25. Bc4+ Kh8 26. b3 Qc6 0-1

[Event "SVK-ch Amateurs"]
[Site "Liptovsky Jan"]
[Date "2023.06.18"]
[Round "7"]
[White "Bombek, Peter"]
[Black "Zetocha, Adrian"]
[Result "1/2-1/2"]
[WhiteElo "2101"]
[BlackElo "2167"]
[PlyCount "66"]
[EventDate "2023.06.15"]
[EventType "swiss"]
[EventRounds "8"]
[EventCountry "SVK"]
[SourceTitle "CBM 214 Extra"]
[Source "ChessBase"]
[SourceDate "2023.07.31"]
[SourceVersion "1"]
[SourceVersionDate "2023.07.31"]
[SourceQuality "1"]

1. d4 Nf6 2. Nf3 g6 3. g3 Bg7 4. Bg2 0-0 5. 0-0 d6 6. a4 Nc6 7. Nc3 Bf5 8. Nh4 Bg4 9. Be3 Qd7 10. Qd2 e5 11. dxe5 Nxe5 12. b3 Bh3 13. Rad1 a6 14. Nd5 Rae8 15. Bg5 Nxd5 16. Qxd5 h6 17. Bc1 Bxg2 18. Nxg2 Qc6 19. Ne3 Qxd5 20. Nxd5 c6 21. Nb6 Re6 22. Bf4 Rfe8 23. Bxe5 Rxe5 24. e3 d5 25. c4 dxc4 26. Nxc4 Rd5 27. Rxd5 cxd5 28. Nd6 Re7 29. Rd1 d4 30. exd4 Rd7 31. Nc4 Bxd4 32. Kf1 Kf8 33. Na5 Ke7 1/2-1/2

[Event "SVK-ch Amateurs"]
[Site "Liptovsky Jan"]
[Date "2023.06.15"]
[Round "1"]
[White "Papp, Gabor3333"]
[Black "Zetocha, Adrian"]
[Result "0-1"]
[WhiteElo "1617"]
[BlackElo "2167"]
[PlyCount "34"]
[EventDate "2023.06.15"]
[EventType "swiss"]
[EventRounds "8"]
[EventCountry "SVK"]
[SourceTitle "CBM 214 Extra"]
[Source "ChessBase"]
[SourceDate "2023.07.31"]
[SourceVersion "1"]
[SourceVersionDate "2023.07.31"]
[SourceQuality "1"]

1. d4 Nf6 2. c4 e6 3. Nc3 Bb4 4. Qc2 d5 5. Bg5 dxc4 6. e3 Qd5 7. Bxf6 gxf6 8. Qa4+ Nc6 9. Qxb4 Nxb4 10. Nxd5 exd5 11. Kd2 Be6 12. a3 Nc6 13. Ne2 b5 14. g3 Na5 15. Ke1 Bg4 16. Bg2 Nb3 17. Bxd5 0-0-0 0-1

[Event "SVK-ch U20"]
[Site "Dudince"]
[Date "2023.04.21"]
[Round "7"]
[White "Zetocha, Adrian"]
[Black "Sustek, Adam"]
[Result "1-0"]
[WhiteElo "2185"]
[BlackElo "1794"]
[PlyCount "63"]
[EventDate "2023.04.16"]
[EventType "tourn"]
[EventRounds "9"]
[EventCountry "SVK"]
[SourceTitle "CBM 213 Extra"]
[Source "ChessBase"]
[SourceDate "2023.05.31"]
[SourceVersion "1"]
[SourceVersionDate "2023.05.31"]
[SourceQuality "1"]

1. d4 e6 2. c4 b6 3. e4 Bb7 4. Bd3 f5 5. exf5 Bb4+ 6. Kf1 exf5 7. Qe2+ Ne7 8. Bxf5 0-0 9. Be4 d5 10. cxd5 Nxd5 11. Qc2 Ba6+ 12. Bd3 Bxd3+ 13. Qxd3 Qe7 14. Nc3 Kh8 15. Nge2 Bxc3 16. bxc3 Nc6 17. f3 Rae8 18. Kf2 g5 19. Bd2 Nf4 20. Nxf4 gxf4 21. a4 Na5 22. Rae1 Qf7 23. d5 Nb3 24. Re4 Nxd2 25. Qxd2 Rxe4 26. fxe4 Qd7 27. Qd4+ Kg8 28. Rf1 f3 29. gxf3 Qh3 30. Rg1+ Kf7 31. Rg7+ Ke8 32. Qe5+ 1-0

[Event "SVK-ch U20"]
[Site "Dudince"]
[Date "2023.04.19"]
[Round "5"]
[White "Zetocha, Adrian"]
[Black "Bidulsky, Matej"]
[Result "0-1"]
[WhiteElo "2185"]
[BlackElo "1992"]
[PlyCount "72"]
[EventDate "2023.04.16"]
[EventType "tourn"]
[EventRounds "9"]
[EventCountry "SVK"]
[SourceTitle "CBM 213 Extra"]
[Source "ChessBase"]
[SourceDate "2023.05.31"]
[SourceVersion "1"]
[SourceVersionDate "2023.05.31"]
[SourceQuality "1"]

1. c4 e6 2. d4 c5 3. d5 d6 4. Nc3 g6 5. e4 Bg7 6. Nf3 Ne7 7. Be2 a6 8. 0-0 0-0 9. h3 exd5 10. exd5 Nd7 11. Bf4 Nf6 12. a3 h6 13. Qd2 g5 14. Bh2 Bf5 15. g4 Ne4 16. Nxe4 Bxe4 17. Ne1 Qb6 18. Bd3 Bxd3 19. Nxd3 Ng6 20. f4 gxf4 21. Bxf4 Nxf4 22. Rxf4 Qb3 23. Rc1 Rae8 24. Rf3 Re4 25. Qc2 Qxc2 26. Rxc2 Rfe8 27. Kf1 Re3 28. Rcf2 Bd4 29. b3 b5 30. cxb5 axb5 31. Kg2 Rxf3 32. Rxf3 Re2+ 33. Nf2 Ra2 34. b4 c4 35. Kf1 c3 36. Nd3 c2 0-1

[Event "SVK-chT 2223"]
[Site "Slovakia"]
[Date "2023.04.02"]
[Round "11.1"]
[White "Zetocha, Adrian"]
[Black "Kusiak, Matej"]
[Result "1-0"]
[WhiteElo "2205"]
[BlackElo "2246"]
[PlyCount "62"]
[EventDate "2022.10.22"]
[EventType "team-tourn"]
[EventRounds "11"]
[EventCountry "SVK"]
[SourceTitle "EXT 2024"]
[Source "ChessBase"]
[SourceDate "2023.10.10"]
[SourceVersion "1"]
[SourceVersionDate "2023.10.10"]
[SourceQuality "1"]
[WhiteTeam "Bratislava Slovan"]
[BlackTeam "Humenne Reinter"]
[WhiteTeamCountry "SVK"]
[BlackTeamCountry "SVK"]

1. d4 e6 2. c4 b6 3. Nc3 Bb7 4. e4 Bb4 5. Qc2 Qh4 6. Bd3 f5 7. g3 Qh5 8. Nge2 Qf3 9. 0-0 Na6 10. a3 Nf6 11. c5 Bxc3 12. Nxc3 fxe4 13. Be2 Qf5 14. Qa4 Nb8 15. Bf4 bxc5 16. Bxc7 Bc6 17. Qc4 cxd4 18. Qxd4 0-0 19. Bd6 Rc8 20. b4 Ne8 21. Rac1 Nxd6 22. Qxd6 Qf8 23. Qe5 Qf6 24. Qxf6 gxf6 25. Nxe4 Rf8 26. Nd6 a6 27. Rfd1 Rd8 28. Rd2 Kf8 29. Bc4 Ra7 30. Bb3 Ke7 31. a4 Ra8 1-0

[Event "SVK-chT2A 2223"]
[Site "Slovakia"]
[Date "2023.03.26"]
[Round "11.1"]
[White "Jancovic, Peter"]
[Black "Zetocha, Adrian"]
[Result "1-0"]
[WhiteElo "2314"]
[BlackElo "2193"]
[PlyCount "97"]
[EventDate "2022.10.08"]
[EventType "team-tourn"]
[EventRounds "11"]
[EventCountry "SVK"]
[SourceTitle "EXT 2024"]
[Source "ChessBase"]
[SourceDate "2023.10.10"]
[SourceVersion "1"]
[SourceVersionDate "2023.10.10"]
[SourceQuality "1"]
[WhiteTeam "Piestany Kupele"]
[BlackTeam "Bratislava Slovan IV"]
[WhiteTeamCountry "SVK"]
[BlackTeamCountry "SVK"]

1. d4 Nf6 2. c4 g6 3. g3 c6 4. Bg2 d5 5. cxd5 cxd5 6. Nf3 Nc6 7. 0-0 Bg7 8. Nc3 0-0 9. Ne5 e6 10. Nxc6 bxc6 11. Na4 Nd7 12. Be3 Nb6 13. Nc5 Nc4 14. Bc1 Qf6 15. e3 Re8 16. b3 Nb6 17. f4 Nd7 18. Nxd7 Bxd7 19. Ba3 Qd8 20. Qd2 f6 21. Rac1 Bf8 22. Bxf8 Rxf8 23. Rc5 Qe7 24. Bh3 e5 25. Bxd7 Qxd7 26. Rfc1 exf4 27. Rxc6 fxg3 28. hxg3 Qg4 29. Qg2 Qg5 30. Qf3 Rae8 31. R1c3 h5 32. Qf4 Kg7 33. Rd6 Qxf4 34. gxf4 Rc8 35. Rc5 Rxc5 36. dxc5 Rc8 37. b4 a5 38. a3 axb4 39. axb4 Rb8 40. Rb6 Rc8 41. Rb7+ Kh6 42. Kg2 g5 43. Rb6 Kg6 44. fxg5 Kxg5 45. Rd6 Ra8 46. Rxd5+ Kg4 47. Rd4+ Kg5 48. c6 Ra2+ 49. Kh3 1-0

[Event "SVK-chT2A 2223"]
[Site "Slovakia"]
[Date "2023.03.25"]
[Round "10.1"]
[White "Zetocha, Adrian"]
[Black "Nicolini, Alexander"]
[Result "1-0"]
[WhiteElo "2193"]
[BlackElo "2135"]
[PlyCount "116"]
[EventDate "2022.10.08"]
[EventType "team-tourn"]
[EventRounds "11"]
[EventCountry "SVK"]
[SourceTitle "EXT 2024"]
[Source "ChessBase"]
[SourceDate "2023.10.10"]
[SourceVersion "1"]
[SourceVersionDate "2023.10.10"]
[SourceQuality "1"]
[WhiteTeam "Bratislava Slovan IV"]
[BlackTeam "Trnava Lokomotiva"]
[WhiteTeamCountry "SVK"]
[BlackTeamCountry "SVK"]

1. d4 e6 2. c4 c5 3. d5 exd5 4. cxd5 d6 5. Nc3 Nf6 6. Nf3 Be7 7. e4 0-0 8. Nd2 Re8 9. Be2 a6 10. a4 Bf8 11. 0-0 b6 12. Qc2 Ra7 13. Nc4 Nfd7 14. f4 Nf6 15. Qd3 Nbd7 16. g4 h6 17. Bd2 Nh7 18. Qf3 Qf6 19. Qg3 Qe7 20. Rae1 g6 21. g5 hxg5 22. fxg5 Rb7 23. Bf4 Ne5 24. h4 Bg7 25. Bxe5 dxe5 26. d6 Qd8 27. Nd5 b5 28. axb5 axb5 29. Ne7+ Rexe7 30. dxe7 Qxe7 31. Ne3 c4 32. Ra1 Rb8 33. Qf2 Bf8 34. Kh2 Be6 35. Bg4 b4 36. Bxe6 Qxe6 37. Nd5 Rb7 38. Kg3 Be7 39. Nf6+ Bxf6 40. gxf6 Rb8 41. Rad1 c3 42. Qa7 Rc8 43. Qe7 Qc4 44. bxc3 bxc3 45. Qxe5 c2 46. Rc1 Nf8 47. Qd5 Qe2 48. Rf3 Ne6 49. Qd3 Nf4 50. Kxf4 Qh2+ 51. Ke3 Qxh4 52. Rxc2 Qe1+ 53. Qe2 Qg1+ 54. Qf2 Qg5+ 55. Rf4 Rd8 56. Qh2 Qe5 57. Qd2 Rb8 58. Qd5 Qa1 1-0

[Event "SVK-chT2A 2223"]
[Site "Slovakia"]
[Date "2023.02.12"]
[Round "9.1"]
[White "Zetocha, Adrian"]
[Black "Sahidi, Samir"]
[Result "0-1"]
[WhiteElo "2193"]
[BlackElo "2504"]
[PlyCount "176"]
[EventDate "2022.10.08"]
[EventType "team-tourn"]
[EventRounds "11"]
[EventCountry "SVK"]
[SourceTitle "EXT 2024"]
[Source "ChessBase"]
[SourceDate "2023.10.10"]
[SourceVersion "1"]
[SourceVersionDate "2023.10.10"]
[SourceQuality "1"]
[WhiteTeam "Bratislava Slovan IV"]
[BlackTeam "Cifer"]
[WhiteTeamCountry "SVK"]
[BlackTeamCountry "SVK"]

1. d4 Nf6 2. c4 e6 3. Nf3 d5 4. Nc3 c6 5. e3 Nbd7 6. Qc2 Bd6 7. Bd3 0-0 8. 0-0 e5 9. cxd5 cxd5 10. e4 exd4 11. Nxd5 h6 12. Nxd4 Nxd5 13. exd5 Bxh2+ 14. Kxh2 Qh4+ 15. Kg1 Qxd4 16. Rd1 Qh4 17. Be3 Nf6 18. Rac1 Bg4 19. f3 Bd7 20. Bf2 Qg5 21. Qd2 Qe5 22. Re1 Qh5 23. Bd4 Qh4 24. Bf2 Qh5 25. Bd4 Rfe8 26. Bxf6 gxf6 27. Rc7 Rxe1+ 28. Qxe1 Qxd5 29. Qg3+ Kh8 30. Be4 Qd4+ 31. Qf2 Qd1+ 32. Qf1 Qd6 33. Qc1 f5 34. Qc3+ Kg8 35. Bxb7 Re8 36. Bc8 Qg3 37. Ba6 Be6 38. Rxa7 Bxa2 39. Bb5 Qb8 40. Rxa2 Qxb5 41. Ra5 Qb6+ 42. Kf1 Qe6 43. Rc5 Kh7 44. Kg1 Qd7 45. Qf6 Kg8 46. Rxf5 Re1+ 47. Kh2 Qc7+ 48. Rf4 Re6 49. Qd4 Rg6 50. Qc4 Rc6 51. Qd4 Rg6 52. b4 h5 53. Qc4 Rc6 54. Qe4 Rf6 55. g3 Rg6 56. Qc4 Qa7 57. Kg2 Qd7 58. b5 Qd2+ 59. Kf1 Re6 60. Re4 Rg6 61. Re7 Rf6 62. Qe2 Qg5 63. Kf2 h4 64. gxh4 Qxh4+ 65. Ke3 Qf4+ 66. Kf2 Qh4+ 67. Ke3 Rg6 68. Re8+ Kh7 69. Re4 Qg5+ 70. f4 Qc5+ 71. Kf3 Qh5+ 72. Kf2 Qh2+ 73. Ke3 Qg1+ 74. Kd3 Qc5 75. Re5 Qa3+ 76. Ke4 Qb4+ 77. Kf3 Qb3+ 78. Ke4 Qb1+ 79. Qd3 Qe1+ 80. Qe3 Qb4+ 81. Qd4 Qe1+ 82. Qe3 Qh1+ 83. Qf3 Qa1 84. Qd3 Kg7 85. Re8 Qh1+ 86. Qf3 f5+ 87. Ke3 Qe1+ 88. Qe2 Qc3+ 0-1

[Event "SVK-chT1W 2223"]
[Site "Slovakia"]
[Date "2023.02.04"]
[Round "8.2"]
[White "Zetocha, Adrian"]
[Black "Farkas, Gabor"]
[Result "0-1"]
[WhiteElo "2193"]
[BlackElo "2329"]
[PlyCount "44"]
[EventDate "2022.10.15"]
[EventType "team-tourn"]
[EventRounds "11"]
[EventCountry "SVK"]
[SourceTitle "EXT 2024"]
[Source "ChessBase"]
[SourceDate "2023.10.10"]
[SourceVersion "1"]
[SourceVersionDate "2023.10.10"]
[SourceQuality "1"]
[WhiteTeam "Bratislava Slovan II"]
[BlackTeam "Gabcikovo MSK"]
[WhiteTeamCountry "SVK"]
[BlackTeamCountry "SVK"]

1. d4 d5 2. c4 c6 3. Nc3 e6 4. e4 Bb4 5. exd5 exd5 6. Qb3 Qe7+ 7. Be3 Nf6 8. c5 Bxc5 9. dxc5 d4 10. Nd1 0-0 11. Nf3 dxe3 12. Qxe3 Qc7 13. Qa3 Re8+ 14. Ne3 Ng4 15. Rc1 Nd7 16. Bc4 Nde5 17. Nxe5 Qxe5 18. Rc3 Qf4 19. Rc2 Nxe3 20. fxe3 Rxe3+ 21. Re2 Rxe2+ 22. Bxe2 Qc1+ 0-1

[Event "SVK-chT 2223"]
[Site "Slovakia"]
[Date "2023.01.21"]
[Round "5.1"]
[White "Gyerpal, Adrian"]
[Black "Zetocha, Adrian"]
[Result "0-1"]
[WhiteElo "2117"]
[BlackElo "2205"]
[PlyCount "74"]
[EventDate "2022.10.22"]
[EventType "team-tourn"]
[EventRounds "11"]
[EventCountry "SVK"]
[SourceTitle "EXT 2024"]
[Source "ChessBase"]
[SourceDate "2023.10.10"]
[SourceVersion "1"]
[SourceVersionDate "2023.10.10"]
[SourceQuality "1"]
[WhiteTeam "Cebovce"]
[BlackTeam "Bratislava Slovan"]
[WhiteTeamCountry "SVK"]
[BlackTeamCountry "SVK"]

1. d4 Nf6 2. c4 e6 3. g3 d5 4. Nf3 Be7 5. Bg2 0-0 6. 0-0 Nbd7 7. Qc2 b6 8. cxd5 exd5 9. Qc6 Ba6 10. Bf4 Bxe2 11. Re1 Bxf3 12. Bxf3 Rc8 13. a3 Nb8 14. Qa4 a6 15. Nc3 b5 16. Qc2 c6 17. g4 Bd6 18. Be5 Bxe5 19. dxe5 Nfd7 20. Qf5 Nc5 21. Ne2 Nbd7 22. Nd4 g6 23. Qc2 Qg5 24. Re3 h5 25. h4 Qxh4 26. Kg2 hxg4 27. Be2 Ne4 28. Bd3 c5 29. Ne6 fxe6 30. Bxe4 dxe4 31. Rxe4 Qh3+ 32. Kg1 Rf5 33. Re3 Qh5 34. Kg2 Rcf8 35. Rf1 Nxe5 36. Qxc5 Nf3 37. Qd6 Qh3# 0-1

[Event "SVK-chT2A 2223"]
[Site "Slovakia"]
[Date "2023.01.15"]
[Round "7.1"]
[White "Zetocha, Adrian"]
[Black "Schwarz, Dusan"]
[Result "0-1"]
[WhiteElo "2193"]
[BlackElo "2288"]
[PlyCount "70"]
[EventDate "2022.10.08"]
[EventType "team-tourn"]
[EventRounds "11"]
[EventCountry "SVK"]
[SourceTitle "EXT 2024"]
[Source "ChessBase"]
[SourceDate "2023.10.10"]
[SourceVersion "1"]
[SourceVersionDate "2023.10.10"]
[SourceQuality "1"]
[WhiteTeam "Bratislava Slovan IV"]
[BlackTeam "Bratislava Doprastav II"]
[WhiteTeamCountry "SVK"]
[BlackTeamCountry "SVK"]

1. d4 d5 2. c4 c6 3. Nc3 Nf6 4. e3 e6 5. Nf3 Nbd7 6. Qc2 Bd6 7. Bd3 0-0 8. 0-0 dxc4 9. Bxc4 b5 10. Be2 Bb7 11. Rd1 Qc7 12. e4 e5 13. Bg5 exd4 14. Rxd4 Ne5 15. g3 Bc5 16. Rd2 Neg4 17. Nd1 Qb6 18. Bd3 h6 19. Bxf6 Nxf6 20. Re2 Rfe8 21. e5 Nd5 22. a3 Nc7 23. Nc3 Ne6 24. Rae1 Rad8 25. Bf5 Bf8 26. Qe4 c5 27. Qg4 Bxf3 28. Qxf3 Nd4 29. Qg4 Qc6 30. Re3 Rxe5 31. Be4 Qf6 32. f4 Rxe4 33. Nxe4 Qc6 34. Rc3 f5 35. Qh5 Re8 0-1

[Event "Skalica op-A"]
[Site "Skalica"]
[Date "2022.08.26"]
[Round "7"]
[White "Neuhoff, Laertes"]
[Black "Zetocha, Adrian"]
[Result "0-1"]
[WhiteElo "1997"]
[BlackElo "2258"]
[PlyCount "84"]
[EventDate "2022.08.20"]
[EventType "swiss"]
[EventRounds "9"]
[EventCountry "SVK"]
[SourceTitle "CBM 209 Extra"]
[Source "ChessBase"]
[SourceDate "2022.09.30"]
[SourceVersion "1"]
[SourceVersionDate "2022.09.30"]
[SourceQuality "1"]

1. e4 c5 2. Nf3 d6 3. d4 cxd4 4. Nxd4 Nf6 5. Nc3 g6 6. Be3 Bg7 7. f3 Nc6 8. Qd2 0-0 9. Bc4 Bd7 10. 0-0-0 Rc8 11. Bb3 Ne5 12. Kb1 h5 13. h4 Nc4 14. Bxc4 Rxc4 15. Rdg1 Qa5 16. Nb3 Qc7 17. Bd4 e5 18. Be3 b5 19. Ne2 Rc8 20. Rc1 d5 21. exd5 Bf5 22. Na1 Rd8 23. b3 Rxd5 24. Qe1 Rc6 25. Ng3 Be6 26. Ne4 a5 27. Bg5 Nd7 28. Bd2 b4 29. Qe2 f5 30. Ng5 e4 31. fxe4 Qe5 32. c3 bxc3 33. Bxc3 Rxc3 34. Rxc3 Qxc3 35. exd5 Bxd5 36. Rf1 Qxa1+ 37. Kc2 Qxa2+ 38. Kd1 Bxb3+ 39. Ke1 Bc3+ 40. Kf2 Bd4+ 41. Ke1 Qa1+ 42. Kd2 Qc3# 0-1

[Event "Skalica op-A"]
[Site "Skalica"]
[Date "2022.08.24"]
[Round "5"]
[White "Mizicka, Matus"]
[Black "Zetocha, Adrian"]
[Result "0-1"]
[WhiteElo "1922"]
[BlackElo "2258"]
[PlyCount "86"]
[EventDate "2022.08.20"]
[EventType "swiss"]
[EventRounds "9"]
[EventCountry "SVK"]
[SourceTitle "CBM 209 Extra"]
[Source "ChessBase"]
[SourceDate "2022.09.30"]
[SourceVersion "1"]
[SourceVersionDate "2022.09.30"]
[SourceQuality "1"]

1. e4 d6 2. d4 Nf6 3. Nc3 g6 4. Bf4 Bg7 5. Qd2 c6 6. Nf3 0-0 7. Bd3 Bg4 8. Bh6 Bxh6 9. Qxh6 Bxf3 10. gxf3 Qb6 11. Qe3 Qxb2 12. Kd2 Qa3 13. h4 Nbd7 14. e5 Qxc3+ 15. Kxc3 Nd5+ 16. Kd2 Nxe3 17. fxe3 dxe5 18. h5 exd4 19. exd4 Rad8 20. hxg6 hxg6 21. f4 e6 22. Rag1 Kg7 23. Ke3 c5 24. c3 Nf6 25. Be4 Nd5+ 26. Kf3 Nxc3 27. dxc5 Nxe4 28. Kxe4 Rd5 29. Rb1 Rxc5 30. Rxb7 Ra5 31. Rh2 Rc8 32. Rd2 Rc4+ 33. Ke3 Ra3+ 34. Rb3 Raa4 35. Rf2 Re4+ 36. Kd3 Rxf4 37. Rxf4 Rxf4 38. Kc2 Rf2+ 39. Kb1 g5 40. Ra3 g4 41. Ra4 f5 42. Rxa7+ Kf6 43. Ra8 g3 0-1